Alphabet grec en images - Statistiques

Statistiques générales
  • Ce quiz a été pris 566 fois
  • Le résultat moyen est 18 sur 24
Statistiques - réponses
Par images Réponse % Correct
Alpha
100%
Bêta
99%
Delta
95%
Epsilon
90%
Pi
90%
Oméga
86%
Mu
85%
Gamma
84%
Zeta
84%
Lambda
80%
Nu
75%
Phi
75%
Sigma
73%
Rhô
72%
Thêta
71%
Kappa
68%
Iota
66%
Omicron
64%
Tau
64%
Êta
62%
Psi
61%
Xi
60%
Upsilon
52%
Khi
51%
Aucun quiz correspondant
Distribution des résultats
% des personnes avec chaque résultat
Percentile par nombre de réponses
Votre historique - résultats
Vous n’avez pas pris ce quiz